Score 0/24 Timer 05:00
0 Plays Today
Instances Word % Correct
35St
86.6%
50Road
73%
59Park
69.7%
39West
68.1%
28North
67.9%
31South
67.8%
23East
67.6%
29Street
61.3%
58&
58.2%
17on
51.9%
31Central
50.1%
20Town
49.3%
Instances Word % Correct
22New
48.1%
11Cross
43.8%
18Junction
43.8%
37Hill
43.7%
27Green
40.2%
31Bridge(s)
38.8%
12Lane(s)
38.4%
10High
34.9%
19Parkway
33.1%
14Wood(s)
24.9%
12Heath
16.3%
11Mill(s)
11.1%
Come Together.
Have Fun.
All Virtual.
We all need to come together. Play Sporcle's virtual live trivia to have fun, connect with people, and get your trivia on. Join a live hosted trivia game for your favorite pub trivia experience done virtually. If a virtual private party is more your thing, go here for details.

You're not logged in!

Compare scores with friends on all Sporcle quizzes.
OR
Log In

Sporcle TV

Today on Sporcle TV


Watch our educational content, quiz creation guides, and fun videos on Sporcle TV.

Show Comments

Extras

Top Quizzes Today


Score Distribution

Paid Content

Your Account Isn't Verified!

In order to create a playlist on Sporcle, you need to verify the email address you used during registration. Go to your Sporcle Settings to finish the process.

Report this User

Report this user for behavior that violates our Community Guidelines.

Details: